000 00441nam a2200181Ia 4500
001 24463
005 20260414151045.0
008 260414t2022||||xx |||||||||||||| ||spa||
041 _aESP
082 _a345.7
_bS45
100 _aSevilla Agurto, Percy Howell
_eAUT
245 0 _aManual de derecho procesal civil
_b
260 _c2022
300 _a429 páginas :
_c25 cm.
650 _aDER
654 _aCDE
942 _cLIB
_dJUS
_fJUS
_2ddc
_n
999 _c24463
_d24463